Marriage and divorce under Islamic law

Bibliographic Details
Main Author: Nik Noriani Nik Badli Shah
Format: Book
Language:English
Published: Petaling Jaya International Law Book Services 1998
Subjects:
LEADER 00793cam a2200217 a 4500
001 0000050437
005 20091008090000.0
040 |a mod 
041 |a eng 
020 0 0 |a 9678909219 
090 0 0 |a 346.59501609  |b NIK  |c 1998 
100 0 0 |a Nik Noriani Nik Badli Shah 
245 1 0 |a Marriage and divorce under Islamic law  |c Nik Noriani Nik Badli Shah 
260 0 0 |a Petaling Jaya  |b International Law Book Services  |c 1998 
300 0 0 |a 135 p.  |c 22 cm 
504 0 0 |a Includes bibliographical references 
650 0 0 |a Marriage (Islamic law)  |z Malaysia 
650 0 0 |a Divorce (Islamic law)  |z Malaysia 
852 0 0 |a 01 
999 |a 0182298  |b INSKEP(SITU)   |d BOOKS  |e Umum  |f INSKEP (SITU)  |j AVAILABLE  |q GOOD CONDITION 
999 |a 0278679  |b Jabatan Arah Perundangan TUDM (KL Base)  |d BOOKS  |e Umum  |f Other Branches  |j AVAILABLE  |q GOOD CONDITION